00937 a2200169 4500003000500000005001700005020001500022040000900037082001500046100001500061245003800076250001200114260004700126300001000173505055900183650002500742Nust20230712124146.0 a8122416829 cNust a530.41,PIL aS.O.Pillai aSolid State Physics /cS.O.Pillai a6 th ed aNew DelhibNew Age International pubc2005 a819:p aIntroduction (Page-1), Review of atomic structure (Page-3), Inter atomic forces and bonding in solids (Page-47), Crystal Physics (Page-87), Wave nature of matter and X-ray diffraction (Page-157), Electrical properties of metals (Page-179), Thermal properties of solids (Page-334), Superconductivity (Page-358), Magnetic Properties of Materials (Page-429), Physics of Semiconductors (Page-523), Dielectrics and related properties (Page-625), Optical properties do 751 solids (Page-696), Miscellaneous Optics (Page-751), Some useful Information (Page-764). aSolid state physics.